| 000 | 00532nam a2200169 a 4500 | ||
|---|---|---|---|
| 001 | 11476 | ||
| 003 | CO-ViMGA | ||
| 008 | 141112s2004 ck r 000 u spa d | ||
| 040 |
_aCO-ViMGA _bspa _cCO-ViMGA |
||
| 082 | 0 | 4 | _a923.186 O76c |
| 100 | 1 |
_aCacua Prada, Antonio _97991 |
|
| 245 | 1 | 0 |
_aDon Mariano Ospina Rodriguez : _bfundador del conservatismo colombiano 1885 - 1985 |
| 260 |
_aBogotá, _c1985 |
||
| 650 | 1 | 4 |
_aCONSERVATISMO - HISTORIA COLOMBIA _915940 |
| 650 | 1 | 4 |
_aOSPINA RODRIGUEZ, MARIANO 1805 - 1865 _915941 |
| 942 |
_2ddc _cBK |
||
| 999 |
_c22671 _d22671 |
||